| 000 | 00836nam a2200241 a 4500 | ||
|---|---|---|---|
| 001 | 54367 | ||
| 003 | BD-RjUL | ||
| 005 | 20211209080117.0 | ||
| 008 | 161106r19911968nyuab b s001 0 eng | ||
| 020 | _a0939512548 (alk. paper) | ||
| 035 | _a(BD-RjUL)54489) | ||
| 040 |
_aDLC _cDLC _dDLC _beng |
||
| 041 | _aeng | ||
| 082 | 0 | 0 |
_223 _a952 _bHAJ 1991 |
| 100 | 1 |
_aHall, John Whitney, _d1916- _9162250 |
|
| 245 | 1 | 0 |
_aJapan, from prehistory to modern times / _cby John Whitney Hall. |
| 260 |
_aAnn Arbor, Michigan. : _bCenter for Japanese Studies, University of Michigan, _cc1968[Reprinted1991] |
||
| 300 |
_axi, 397 p. : _bill. ; _c23 cm. |
||
| 500 | _aReprint. Originally published: New York : Delacorte Press, 1970. | ||
| 504 | _aIncludes bibliographical references and index. | ||
| 651 | 0 |
_aJapan _xHistory. _9162251 |
|
| 942 |
_2ddc _cBK |
||
| 999 |
_c54367 _d54367 |
||